Central Library OPAC University of Rajshahi

The writings of the Gilbreths / (Record no. 60658)

MARC details
000 -LEADER
fixed length control field 00902nam a2200277 a 4500
001 - CONTROL NUMBER
control field 60658
003 - CONTROL NUMBER IDENTIFIER
rucl marc code BD-RjUL
005 - DATE AND TIME OF LATEST TRANSACTION
control field 20211209080852.0
008 - FIXED-LENGTH DATA ELEMENTS--GENERAL INFORMATION
fixed length control field 170102s1953 ilua 001 0 eng d
035 ## - SYSTEM CONTROL NUMBER
System control number (BD-RjUL)60782
System control number (OCoLC)543095
040 ## - CATALOGING SOURCE
Original cataloging agency DLC
Transcribing agency ODaWU
Modifying agency OCoLC
-- DLC
Language of cataloging eng
041 ## - LANGUAGE CODE
Language code of text/sound track or separate title eng
082 ## - DEWEY DECIMAL CLASSIFICATION NUMBER
Classification number 658
Edition number 23
Author mark and year WRI 1953
245 14 - TITLE STATEMENT
Title The writings of the Gilbreths /
Statement of responsibility, etc. edited by William R. Spriegel and Clark E. Myers.
260 ## - PUBLICATION, DISTRIBUTION, ETC. (IMPRINT)
Place of publication, distribution, etc. Homewood, Ill. :
Name of publisher, distributor, etc. R. D. Irwin,
Date of publication, distribution, etc. 1953.
300 ## - PHYSICAL DESCRIPTION
Pagination 513 p. :
Illustrations ill. ;
Size 24 cm.
490 0# - SERIES STATEMENT
Series statement Irwin series in industrial engineering and management
500 ## - GENERAL NOTE
General note Includes index
650 #0 - SUBJECT ADDED ENTRY--TOPICAL TERM
Topical term or geographic name as entry element Industrial management.
9 (RLIN) 171014
700 1# - ADDED ENTRY--PERSONAL NAME
Personal name Myers, Clark E.,
Relator term joint ed.
Personal name Gilbreth, Frank Bunker,
Dates associated with a name 1868-1924.
Personal name Gilbreth, Lillian Moller,
Dates associated with a name 1878-1972.
942 ## - ADDED ENTRY ELEMENTS (KOHA)
Source of classification or shelving scheme Dewey Decimal Classification
Koha item type Books
Holdings
Lost status Source of classification or shelving scheme Damaged status Not for loan Collection code Permanent Location Current Location Shelving location Date acquired Source of acquisition Cost, normal purchase price Total Checkouts Full call number Date last seen Copy number Koha item type
  Dewey Decimal Classification   Not For Loan Non-fiction Central Library, University of Rajshahi Central Library, University of Rajshahi Reading Room 03/04/1970 Zeitlinger 75.00   658 WRI 1953 02/01/2017 C-1 Books